<?xml version="1.0" encoding="UTF-8"?>
<record
    xmlns:xsi="http://www.w3.org/2001/XMLSchema-instance"
    xsi:schemaLocation="http://www.loc.gov/MARC21/slim http://www.loc.gov/standards/marcxml/schema/MARC21slim.xsd"
    xmlns="http://www.loc.gov/MARC21/slim">

  <leader>00800nam a22001337a 4500</leader>
  <datafield tag="040" ind1=" " ind2=" ">
    <subfield code="c">RUA </subfield>
  </datafield>
  <datafield tag="082" ind1=" " ind2=" ">
    <subfield code="a">AGR BB RIN 2010 B061 Or.1</subfield>
  </datafield>
  <datafield tag="100" ind1=" " ind2=" ">
    <subfield code="a">RIN NARITH </subfield>
  </datafield>
  <datafield tag="245" ind1=" " ind2=" ">
    <subfield code="a">Comparison of water level on tranplanting rice growing in dry season at kompingpouy agricultural development center in battambang province, (&#x1794;&#x17D2;&#x179A;&#x17C0;&#x1794;&#x1792;&#x17C0;&#x1794;&#x1780;&#x1798;&#x17D2;&#x179A;&#x17B7;&#x178F;&#x1791;&#x17B9;&#x1780;&#x1791;&#x17C5;&#x179B;&#x17BE;&#x179F;&#x17D2;&#x179A;&#x17BC;&#x179C;&#x179F;&#x1793;&#x17D2;&#x1791;&#x17BC;&#x1784;&#x1780;&#x17D2;&#x1793;&#x17BB;&#x1784;&#x179B;&#x1780;&#x17D2;&#x1781;&#x1781;&#x178E;&#x17D2;&#x178C;&#x179A;&#x178A;&#x17BC;&#x179C;&#x1794;&#x17D2;&#x179A;&#x17C6;&#x17B6;&#x1784;&#x1793;&#x17C5;&#x1798;&#x178E;&#x17D2;&#x178C;&#x179B;&#x17A2;&#x1797;&#x17B7;&#x179C;&#x178C;&#x17D2;&#x178D;&#x1793;&#x17CD;&#x1780;&#x179F;&#x17B7;&#x1780;&#x1798;&#x17D2;&#x1798;&#x1780;&#x17C6;&#x1796;&#x17B8;&#x1784;&#x1796;&#x17BD;&#x1799; &#x1781;&#x17C1;&#x178F;&#x17D2;&#x178F;&#x1794;&#x17B6;&#x178F;&#x17CB;&#x178A;&#x17C6;&#x1794;&#x1784;)</subfield>
  </datafield>
  <datafield tag="260" ind1=" " ind2=" ">
    <subfield code="a">phnom penh </subfield>
    <subfield code="b">RUA </subfield>
    <subfield code="c">2010</subfield>
  </datafield>
  <datafield tag="300" ind1=" " ind2=" ">
    <subfield code="a">xi, 53p.</subfield>
    <subfield code="b">ill.</subfield>
    <subfield code="c">29cm.</subfield>
  </datafield>
  <datafield tag="856" ind1=" " ind2=" ">
    <subfield code="u">https://drive.google.com/file/d/1s8ucN8Wrr-ZjQC6McMhc7XyPcLGlSHyt/view?usp=sharing</subfield>
  </datafield>
  <datafield tag="942" ind1=" " ind2=" ">
    <subfield code="c">AGRBB</subfield>
  </datafield>
  <datafield tag="999" ind1=" " ind2=" ">
    <subfield code="c">1464</subfield>
    <subfield code="d">1464</subfield>
  </datafield>
  <datafield tag="952" ind1=" " ind2=" ">
    <subfield code="0">0</subfield>
    <subfield code="1">0</subfield>
    <subfield code="2">ddc</subfield>
    <subfield code="4">0</subfield>
    <subfield code="6">AGR_BB_RIN_2010_000000000000000_B061_OR_1</subfield>
    <subfield code="7">0</subfield>
    <subfield code="9">6491</subfield>
    <subfield code="a">LBB</subfield>
    <subfield code="b">LBB</subfield>
    <subfield code="c">B061</subfield>
    <subfield code="d">2015-09-29</subfield>
    <subfield code="o">AGR BB RIN 2010 B061 Or.1</subfield>
    <subfield code="p">RUA004270</subfield>
    <subfield code="r">2015-09-29</subfield>
    <subfield code="w">2015-09-29</subfield>
    <subfield code="y">AGRBB</subfield>
  </datafield>
  <datafield tag="952" ind1=" " ind2=" ">
    <subfield code="0">0</subfield>
    <subfield code="1">0</subfield>
    <subfield code="2">ddc</subfield>
    <subfield code="4">0</subfield>
    <subfield code="6">AGR_BB_RIN_2010_000000000000000_B061_OR_2</subfield>
    <subfield code="7">0</subfield>
    <subfield code="9">6492</subfield>
    <subfield code="a">LBB</subfield>
    <subfield code="b">LBB</subfield>
    <subfield code="d">2015-09-29</subfield>
    <subfield code="o">AGR BB RIN 2010 B061 Or.2</subfield>
    <subfield code="p">RUA004405</subfield>
    <subfield code="r">2015-09-29</subfield>
    <subfield code="w">2015-09-29</subfield>
    <subfield code="y">AGRBB</subfield>
  </datafield>
  <datafield tag="952" ind1=" " ind2=" ">
    <subfield code="0">0</subfield>
    <subfield code="1">0</subfield>
    <subfield code="2">ddc</subfield>
    <subfield code="4">0</subfield>
    <subfield code="6">AGR_BB_RIN_2010_000000000000000_B061_OR_3</subfield>
    <subfield code="7">0</subfield>
    <subfield code="9">6493</subfield>
    <subfield code="a">LBB</subfield>
    <subfield code="b">LBB</subfield>
    <subfield code="d">2015-09-29</subfield>
    <subfield code="o">AGR BB RIN 2010 B061 Or.3</subfield>
    <subfield code="p">RUA004198</subfield>
    <subfield code="r">2015-09-29</subfield>
    <subfield code="w">2015-09-29</subfield>
    <subfield code="y">AGRBB</subfield>
  </datafield>
  <datafield tag="952" ind1=" " ind2=" ">
    <subfield code="0">0</subfield>
    <subfield code="1">0</subfield>
    <subfield code="2">ddc</subfield>
    <subfield code="4">0</subfield>
    <subfield code="6">AGR_BB_RIN_2010_000000000000000_B061_OR_4</subfield>
    <subfield code="7">0</subfield>
    <subfield code="9">6494</subfield>
    <subfield code="a">LBB</subfield>
    <subfield code="b">LBB</subfield>
    <subfield code="d">2015-09-29</subfield>
    <subfield code="o">AGR BB RIN 2010 B061 Or.4</subfield>
    <subfield code="p">RUA004479</subfield>
    <subfield code="r">2015-09-29</subfield>
    <subfield code="w">2015-09-29</subfield>
    <subfield code="y">AGRBB</subfield>
  </datafield>
  <datafield tag="952" ind1=" " ind2=" ">
    <subfield code="0">0</subfield>
    <subfield code="1">0</subfield>
    <subfield code="2">ddc</subfield>
    <subfield code="4">0</subfield>
    <subfield code="6">AGR_BB_RIN_2010_000000000000000_B061_OR_5</subfield>
    <subfield code="7">0</subfield>
    <subfield code="9">6495</subfield>
    <subfield code="a">LBB</subfield>
    <subfield code="b">LBB</subfield>
    <subfield code="d">2015-09-29</subfield>
    <subfield code="l">2</subfield>
    <subfield code="o">AGR BB RIN 2010 B061 Or.5</subfield>
    <subfield code="p">RUA004486</subfield>
    <subfield code="r">2016-09-19</subfield>
    <subfield code="s">2016-09-16</subfield>
    <subfield code="w">2015-09-29</subfield>
    <subfield code="y">AGRBB</subfield>
  </datafield>
  <datafield tag="952" ind1=" " ind2=" ">
    <subfield code="0">0</subfield>
    <subfield code="1">0</subfield>
    <subfield code="2">ddc</subfield>
    <subfield code="4">0</subfield>
    <subfield code="6">AGR_BB_RIN_2010_000000000000000_B061_OR_6</subfield>
    <subfield code="7">0</subfield>
    <subfield code="9">6496</subfield>
    <subfield code="a">LBB</subfield>
    <subfield code="b">LBB</subfield>
    <subfield code="d">2015-09-29</subfield>
    <subfield code="o">AGR BB RIN 2010 B061 Or.6</subfield>
    <subfield code="p">RUA004480</subfield>
    <subfield code="r">2015-09-29</subfield>
    <subfield code="w">2015-09-29</subfield>
    <subfield code="y">AGRBB</subfield>
  </datafield>
  <datafield tag="952" ind1=" " ind2=" ">
    <subfield code="0">0</subfield>
    <subfield code="1">0</subfield>
    <subfield code="2">ddc</subfield>
    <subfield code="4">0</subfield>
    <subfield code="6">AGR_BB_RIN_2010_000000000000000_B061_OR_7</subfield>
    <subfield code="7">0</subfield>
    <subfield code="9">6497</subfield>
    <subfield code="a">LBB</subfield>
    <subfield code="b">LBB</subfield>
    <subfield code="d">2015-09-29</subfield>
    <subfield code="o">AGR BB RIN 2010 B061 Or.7</subfield>
    <subfield code="p">RUA017888</subfield>
    <subfield code="r">2015-09-29</subfield>
    <subfield code="w">2015-09-29</subfield>
    <subfield code="y">AGRBB</subfield>
  </datafield>
  <datafield tag="952" ind1=" " ind2=" ">
    <subfield code="0">0</subfield>
    <subfield code="1">0</subfield>
    <subfield code="2">ddc</subfield>
    <subfield code="4">0</subfield>
    <subfield code="6">AGR_BB_RIN_2010_000000000000000_B061_OR_8</subfield>
    <subfield code="7">0</subfield>
    <subfield code="9">6498</subfield>
    <subfield code="a">LBB</subfield>
    <subfield code="b">LBB</subfield>
    <subfield code="d">2015-09-29</subfield>
    <subfield code="o">AGR BB RIN 2010 B061 Or.8</subfield>
    <subfield code="p">RUA009766</subfield>
    <subfield code="r">2015-09-29</subfield>
    <subfield code="w">2015-09-29</subfield>
    <subfield code="y">AGRBB</subfield>
  </datafield>
  <datafield tag="952" ind1=" " ind2=" ">
    <subfield code="0">0</subfield>
    <subfield code="1">0</subfield>
    <subfield code="2">ddc</subfield>
    <subfield code="4">0</subfield>
    <subfield code="6">AGR_RIN_2010_000000000000000_B1_214_OR_1</subfield>
    <subfield code="7">0</subfield>
    <subfield code="9">77805</subfield>
    <subfield code="a">LBB</subfield>
    <subfield code="b">LBB</subfield>
    <subfield code="c">B1.214</subfield>
    <subfield code="d">2019-01-22</subfield>
    <subfield code="o">AGR RIN 2010 B1.214 Or.1</subfield>
    <subfield code="p">A38925</subfield>
    <subfield code="r">2019-01-22</subfield>
    <subfield code="w">2019-01-22</subfield>
    <subfield code="y">AGR</subfield>
  </datafield>
</record>
